<?xml version="1.0" encoding="UTF-8"?>
<record
    xmlns:xsi="http://www.w3.org/2001/XMLSchema-instance"
    xsi:schemaLocation="http://www.loc.gov/MARC21/slim http://www.loc.gov/standards/marcxml/schema/MARC21slim.xsd"
    xmlns="http://www.loc.gov/MARC21/slim">

  <leader>02712nam0a22003851  4500</leader>
  <controlfield tag="001">v19\rc\1408587</controlfield>
  <controlfield tag="005">20260406140935.0</controlfield>
  <datafield tag="035" ind1=" " ind2=" ">
    <subfield code="a">(NLR Aleph) 005206655</subfield>
  </datafield>
  <datafield tag="090" ind1=" " ind2=" ">
    <subfield code="a">5365432</subfield>
    <subfield code="c">5365432</subfield>
  </datafield>
  <datafield tag="100" ind1=" " ind2=" ">
    <subfield code="a">20060512e18781878|||y0rusy50      ca</subfield>
  </datafield>
  <datafield tag="101" ind1="0" ind2=" ">
    <subfield code="a">rus</subfield>
  </datafield>
  <datafield tag="102" ind1=" " ind2=" ">
    <subfield code="a">RU</subfield>
  </datafield>
  <datafield tag="105" ind1=" " ind2=" ">
    <subfield code="a">y   z   |||||</subfield>
  </datafield>
  <datafield tag="200" ind1="1" ind2=" ">
    <subfield code="a">&#x41A;&#x440;&#x430;&#x442;&#x43A;&#x43E;&#x435; &#x441;&#x43A;&#x430;&#x437;&#x430;&#x43D;&#x438;&#x435; &#x43E; &#x441;&#x43B;&#x430;&#x432;&#x44F;&#x43D;&#x430;&#x445; (&#x43E;&#x441;&#x43E;&#x431;&#x435;&#x43D;&#x43D;&#x43E; &#x43E; &#x431;&#x43E;&#x43B;&#x433;&#x430;&#x440;&#x430;&#x445;), &#x442;. &#x435;. &#x43E;&#x431; &#x438;&#x445; &#x43F;&#x440;&#x43E;&#x438;&#x441;&#x445;&#x43E;&#x436;&#x434;&#x435;&#x43D;&#x438;&#x438;, &#x43E;&#x431;&#x44B;&#x447;&#x430;&#x44F;&#x445;, &#x432;&#x435;&#x440;&#x43E;&#x432;&#x430;&#x43D;&#x438;&#x438; &#x438; &#x43F;&#x440;&#x43E;&#x447;., &#x438; &#x43E; &#x43F;&#x440;&#x438;&#x442;&#x435;&#x441;&#x43D;&#x435;&#x43D;&#x438;&#x44F;&#x445; &#x43E;&#x442; &#x442;&#x443;&#x440;&#x43E;&#x43A;</subfield>
    <subfield code="e">&#x421;&#x43E;&#x441;&#x442;. &#x434;&#x43B;&#x44F; &#x447;&#x442;&#x435;&#x43D;&#x438;&#x44F; &#x43F;&#x440;&#x43E;&#x441;&#x442;&#x43E;&#x433;&#x43E; &#x43D;&#x430;&#x440;&#x43E;&#x434;&#x430; &#x438;&#x437; &#x41B;&#x435;&#x442;&#x43E;&#x43F;&#x438;&#x441;&#x438; &#x441;&#x432;. &#x414;&#x438;&#x43C;&#x438;&#x442;&#x440;&#x438;&#x44F; &#x420;&#x43E;&#x441;&#x442;&#x43E;&#x432;&#x441;&#x43A;&#x43E;&#x433;&#x43E;, &#x438;&#x437; &#x438;&#x441;&#x442;&#x43E;&#x440;&#x438;&#x438; &#x433;-&#x43D;&#x430; &#x418;&#x43B;&#x43E;&#x432;&#x430;&#x439;&#x441;&#x43A;&#x43E;&#x433;&#x43E;, &#x420;&#x43E;&#x436;&#x434;&#x435;&#x441;&#x442;&#x432;&#x435;&#x43D;&#x441;&#x43A;&#x43E;&#x433;&#x43E;, &#x438;&#x437; &#x431;&#x440;&#x43E;&#x448;. &#x433;-&#x43D;&#x430; &#x414;&#x43E;&#x43B;&#x438;&#x43D;&#x441;&#x43A;&#x43E;&#x433;&#x43E;, &#x41E;&#x431;&#x440;&#x43E;&#x43A;&#x430; &#x438; &#x434;&#x440;. &#x438;&#x441;&#x442;&#x43E;&#x447;&#x43D;&#x438;&#x43A;&#x43E;&#x432; &#x410;. &#x412;&#x44B;&#x448;&#x433;&#x43E;&#x440;&#x43E;&#x434;&#x441;&#x43A;&#x438;&#x439;</subfield>
  </datafield>
  <datafield tag="205" ind1=" " ind2=" ">
    <subfield code="a">2-&#x435; &#x438;&#x437;&#x434;., &#x438;&#x441;&#x43F;&#x440;. &#x438; &#x434;&#x43E;&#x43F;.</subfield>
  </datafield>
  <datafield tag="210" ind1=" " ind2=" ">
    <subfield code="a">&#x420;&#x44F;&#x437;&#x430;&#x43D;&#x44C;</subfield>
    <subfield code="c">&#x442;&#x438;&#x43F;. &#x43D;&#x430;&#x441;&#x43B;. &#x417;.&#x41F;. &#x41F;&#x43E;&#x437;&#x43D;&#x44F;&#x43A;&#x43E;&#x432;&#x43E;&#x439;</subfield>
    <subfield code="d">1878</subfield>
  </datafield>
  <datafield tag="215" ind1=" " ind2=" ">
    <subfield code="a">84 &#x441;.</subfield>
    <subfield code="d">21</subfield>
  </datafield>
  <datafield tag="488" ind1=" " ind2="0">
    <subfield code="1">2001#$a&#x41B;&#x435;&#x442;&#x43E;&#x43F;&#x438;&#x441;&#x44C;</subfield>
    <subfield code="1">700#0$33262$a&#x414;&#x438;&#x43C;&#x438;&#x442;&#x440;&#x438;&#x439; &#x420;&#x43E;&#x441;&#x442;&#x43E;&#x432;&#x441;&#x43A;&#x438;&#x439;$c&#x422;&#x443;&#x43F;&#x442;&#x430;&#x43B;&#x43E;, &#x414;&#x430;&#x43D;&#x438;&#x438;&#x43B; &#x421;&#x430;&#x432;&#x432;&#x438;&#x447;, &#x43C;&#x438;&#x442;&#x440;&#x43E;&#x43F;&#x43E;&#x43B;&#x438;&#x442;$f1651-1709</subfield>
    <subfield code="t">&#x41B;&#x435;&#x442;&#x43E;&#x43F;&#x438;&#x441;&#x44C;</subfield>
    <subfield code="a">&#x414;&#x438;&#x43C;&#x438;&#x442;&#x440;&#x438;&#x439; &#x420;&#x43E;&#x441;&#x442;&#x43E;&#x432;&#x441;&#x43A;&#x438;&#x439; (&#x422;&#x443;&#x43F;&#x442;&#x430;&#x43B;&#x43E;, &#x414;&#x430;&#x43D;&#x438;&#x438;&#x43B; &#x421;&#x430;&#x432;&#x432;&#x438;&#x447;, &#x43C;&#x438;&#x442;&#x440;&#x43E;&#x43F;&#x43E;&#x43B;&#x438;&#x442; ; 1651-1709)</subfield>
  </datafield>
  <datafield tag="532" ind1="1" ind2="3">
    <subfield code="a">&#x41A;&#x440;&#x430;&#x442;&#x43A;&#x43E;&#x435; &#x441;&#x43A;&#x430;&#x437;&#x430;&#x43D;&#x438;&#x435; &#x43E; &#x441;&#x43B;&#x430;&#x432;&#x44F;&#x43D;&#x430;&#x445; &#x43E;&#x441;&#x43E;&#x431;&#x435;&#x43D;&#x43D;&#x43E; &#x43E; &#x431;&#x43E;&#x43B;&#x433;&#x430;&#x440;&#x430;&#x445;, &#x442;. &#x435;. &#x43E;&#x431; &#x438;&#x445; &#x43F;&#x440;&#x43E;&#x438;&#x441;&#x445;&#x43E;&#x436;&#x434;&#x435;&#x43D;&#x438;&#x438;, &#x43E;&#x431;&#x44B;&#x447;&#x430;&#x44F;&#x445;, &#x432;&#x435;&#x440;&#x43E;&#x432;&#x430;&#x43D;&#x438;&#x438; &#x438; &#x43F;&#x440;&#x43E;&#x447;., &#x438; &#x43E; &#x43F;&#x440;&#x438;&#x442;&#x435;&#x441;&#x43D;&#x435;&#x43D;&#x438;&#x44F;&#x445; &#x43E;&#x442; &#x442;&#x443;&#x440;&#x43E;&#x43A;</subfield>
  </datafield>
  <datafield tag="700" ind1=" " ind2="1">
    <subfield code="a">&#x412;&#x44B;&#x448;&#x433;&#x43E;&#x440;&#x43E;&#x434;&#x441;&#x43A;&#x438;&#x439;</subfield>
    <subfield code="b">&#x410;.</subfield>
    <subfield code="4">220</subfield>
  </datafield>
  <datafield tag="702" ind1=" " ind2="1">
    <subfield code="a">&#x420;&#x43E;&#x436;&#x434;&#x435;&#x441;&#x442;&#x432;&#x435;&#x43D;&#x441;&#x43A;&#x438;&#x439;</subfield>
    <subfield code="b">&#x421;.&#x415;.</subfield>
    <subfield code="f">1834-1891</subfield>
    <subfield code="g">&#x421;&#x435;&#x440;&#x433;&#x435;&#x439; &#x415;&#x433;&#x43E;&#x440;&#x43E;&#x432;&#x438;&#x447;</subfield>
    <subfield code="4">100</subfield>
  </datafield>
  <datafield tag="702" ind1=" " ind2="1">
    <subfield code="9">z02790</subfield>
    <subfield code="a">&#x414;&#x43E;&#x43B;&#x438;&#x43D;&#x441;&#x43A;&#x438;&#x439;</subfield>
    <subfield code="b">&#x410;.&#x418;.</subfield>
    <subfield code="g">&#x410;&#x43F;&#x43E;&#x43B;&#x43B;&#x43E;&#x43D; &#x418;&#x43F;&#x43F;&#x43E;&#x43B;&#x438;&#x442;&#x43E;&#x432;&#x438;&#x447;</subfield>
    <subfield code="4">100</subfield>
  </datafield>
  <datafield tag="702" ind1=" " ind2="1">
    <subfield code="9">z03790</subfield>
    <subfield code="a">&#x41F;&#x43E;&#x43B;&#x438;&#x432;&#x430;&#x43D;&#x43E;&#x432;&#x430;</subfield>
    <subfield code="b">&#x415;.&#x42F;.</subfield>
    <subfield code="f">1849-1913</subfield>
    <subfield code="g">&#x415;&#x43A;&#x430;&#x442;&#x435;&#x440;&#x438;&#x43D;&#x430; &#x42F;&#x43A;&#x43E;&#x432;&#x43B;&#x435;&#x432;&#x43D;&#x430;</subfield>
    <subfield code="4">100</subfield>
  </datafield>
  <datafield tag="702" ind1=" " ind2="0">
    <subfield code="4">100</subfield>
    <subfield code="8">rus</subfield>
    <subfield code="7">ca</subfield>
    <subfield code="a">&#x414;&#x438;&#x43C;&#x438;&#x442;&#x440;&#x438;&#x439; &#x420;&#x43E;&#x441;&#x442;&#x43E;&#x432;&#x441;&#x43A;&#x438;&#x439;</subfield>
    <subfield code="c">&#x422;&#x443;&#x43F;&#x442;&#x430;&#x43B;&#x43E;, &#x414;&#x430;&#x43D;&#x438;&#x438;&#x43B; &#x421;&#x430;&#x432;&#x432;&#x438;&#x447;</subfield>
    <subfield code="c">&#x43C;&#x438;&#x442;&#x440;&#x43E;&#x43F;&#x43E;&#x43B;&#x438;&#x442;</subfield>
    <subfield code="f">1651-1709</subfield>
    <subfield code="3">RU\NLR\AUTH\773262</subfield>
    <subfield code="9">113268</subfield>
  </datafield>
  <datafield tag="702" ind1=" " ind2="1">
    <subfield code="4">100</subfield>
    <subfield code="8">rus</subfield>
    <subfield code="7">ca</subfield>
    <subfield code="a">&#x418;&#x43B;&#x43E;&#x432;&#x430;&#x439;&#x441;&#x43A;&#x438;&#x439;</subfield>
    <subfield code="b">&#x414;. &#x418;.</subfield>
    <subfield code="c">&#x438;&#x441;&#x442;&#x43E;&#x440;&#x438;&#x43A;</subfield>
    <subfield code="f">1832-1920</subfield>
    <subfield code="g">&#x414;&#x43C;&#x438;&#x442;&#x440;&#x438;&#x439; &#x418;&#x432;&#x430;&#x43D;&#x43E;&#x432;&#x438;&#x447;</subfield>
    <subfield code="3">RU\NLR\AUTH\7720588</subfield>
    <subfield code="9">3656</subfield>
  </datafield>
  <datafield tag="790" ind1=" " ind2="1">
    <subfield code="9">z01702</subfield>
    <subfield code="a">&#x422;&#x443;&#x43F;&#x442;&#x430;&#x43B;&#x43E;</subfield>
    <subfield code="b">&#x414;.&#x421;.</subfield>
    <subfield code="f">1651-1709</subfield>
    <subfield code="g">&#x414;&#x430;&#x43D;&#x438;&#x438;&#x43B; &#x421;&#x430;&#x432;&#x432;&#x438;&#x447;</subfield>
  </datafield>
  <datafield tag="790" ind1=" " ind2="1">
    <subfield code="9">z02702</subfield>
    <subfield code="a">&#x41F;&#x438;&#x441;&#x430;&#x43D;&#x435;&#x446;&#x43A;&#x438;&#x439;</subfield>
    <subfield code="b">&#x410;.&#x418;.</subfield>
    <subfield code="g">&#x410;&#x43F;&#x43E;&#x43B;&#x43E;&#x43D; &#x418;&#x43F;&#x43F;&#x43E;&#x43B;&#x438;&#x442;&#x43E;&#x432;&#x438;&#x447;</subfield>
  </datafield>
  <datafield tag="790" ind1=" " ind2="0">
    <subfield code="9">z03702</subfield>
    <subfield code="a">&#x41E;&#x431;&#x440;&#x43E;&#x43A;</subfield>
    <subfield code="f">1849-1913</subfield>
  </datafield>
  <datafield tag="801" ind1=" " ind2="0">
    <subfield code="a">RU</subfield>
    <subfield code="b">NLR</subfield>
    <subfield code="c">20060512</subfield>
    <subfield code="g">psbo</subfield>
  </datafield>
  <datafield tag="801" ind1=" " ind2="0">
    <subfield code="a">RU</subfield>
    <subfield code="b">RuMoRGB</subfield>
    <subfield code="c">20060512</subfield>
    <subfield code="2">psbo</subfield>
  </datafield>
  <datafield tag="801" ind1=" " ind2="1">
    <subfield code="a">RU</subfield>
    <subfield code="b">ProSoft-M</subfield>
    <subfield code="c">20060512</subfield>
    <subfield code="2">rusmarc</subfield>
  </datafield>
  <datafield tag="801" ind1=" " ind2="2">
    <subfield code="a">RU</subfield>
    <subfield code="b">NLR</subfield>
    <subfield code="c">20070118</subfield>
    <subfield code="2">rusmarc</subfield>
  </datafield>
  <datafield tag="852" ind1=" " ind2=" ">
    <subfield code="a">NLR</subfield>
    <subfield code="j">18.20.2.38</subfield>
  </datafield>
  <datafield tag="942" ind1=" " ind2=" ">
    <subfield code="c">BOOK</subfield>
  </datafield>
  <datafield tag="980" ind1=" " ind2=" ">
    <subfield code="a">NB</subfield>
  </datafield>
  <datafield tag="995" ind1=" " ind2=" ">
    <subfield code="5">2013-10-26</subfield>
    <subfield code="b">NLR02</subfield>
    <subfield code="c">NLR02</subfield>
    <subfield code="e">RFS</subfield>
    <subfield code="f">5206655-10</subfield>
    <subfield code="k">18.20.2.38</subfield>
    <subfield code="o">0</subfield>
    <subfield code="r">BOOK</subfield>
    <subfield code="s">1820238_</subfield>
  </datafield>
</record>
